Largest Border Cities (USA) - Statistics

General Stats
  • This quiz has been taken 91 times
  • The average score is 15 of 33
Answer Stats
Population City State(s) Bordered % Correct
8,175,133 New York City New Jersey
97%
2,695,598 Chicago Indiana
88%
731,424 Charlotte South Carolina
83%
1,526,006 Philadelphia New Jersey
81%
145,786 Kansas City, Kan. Missouri
75%
459,787 Kansas City, MO Kansas
75%
583,776 Portland Washington
73%
319,294 St. Louis Illinois
72%
646,889 Memphis New Mexico
69%
649,121 El Paso Arkansas & Mississippi
64%
296,943 Cincinnati Kentucky
57%
597,337 Louisville Indiana
56%
601,723 Washington DC None
53%
247,597 Jersey City New York
51%
408,958 Omaha Iowa
51%
287,208 Toledo Michigan
43%
437,994 Virginia Beach North Carolina
37%
189,885 Columbus Alabama
35%
225,221 Reno California
35%
136,286 Savannah South Carolina
28%
161,791 Vancouver Oregon
28%
195,844 Augusta South Carolina
27%
99,685 Davenport Illinois
24%
105,549 Fargo Minnesota
24%
167,674 Chattanooga Georgia
23%
117,429 Evansville Kentucky
23%
195,976 Yonkers New Jersey
23%
139,966 Alexandria Maryland
17%
222,209 Chesapeake North Carolina
17%
124,969 Elizabeth New York
13%
122,643 Stamford New York
13%
173,372 Overland Park Missouri
12%
132,929 Clarksville Kentucky
11%
No matching quizzes found
Score Distribution
Percent of People with Each Score
Percentile by Number Answered
Your Score History
You have not taken this quiz